<?xml version="1.0" encoding="UTF-8"?><?xml-stylesheet type="text/xsl" href="static/style.xsl"?><OAI-PMH xmlns="http://www.openarchives.org/OAI/2.0/" xmlns:xsi="http://www.w3.org/2001/XMLSchema-instance" xsi:schemaLocation="http://www.openarchives.org/OAI/2.0/ http://www.openarchives.org/OAI/2.0/OAI-PMH.xsd"><responseDate>2026-04-13T00:08:12Z</responseDate><request verb="GetRecord" identifier="oai:www.recercat.cat:2445/113203" metadataPrefix="marc">https://recercat.cat/oai/request</request><GetRecord><record><header><identifier>oai:recercat.cat:2445/113203</identifier><datestamp>2025-12-04T20:56:54Z</datestamp><setSpec>com_2072_1057</setSpec><setSpec>col_2072_478796</setSpec><setSpec>col_2072_478917</setSpec></header><metadata><record xmlns="http://www.loc.gov/MARC21/slim" xmlns:dcterms="http://purl.org/dc/terms/" xmlns:xsi="http://www.w3.org/2001/XMLSchema-instance" xmlns:doc="http://www.lyncode.com/xoai" xsi:schemaLocation="http://www.loc.gov/MARC21/slim http://www.loc.gov/standards/marcxml/schema/MARC21slim.xsd">
   <leader>00925njm 22002777a 4500</leader>
   <datafield ind2=" " ind1=" " tag="042">
      <subfield code="a">dc</subfield>
   </datafield>
   <datafield ind2=" " ind1=" " tag="720">
      <subfield code="a">Muñoz-Galán, Helena</subfield>
      <subfield code="e">author</subfield>
   </datafield>
   <datafield ind2=" " ind1=" " tag="720">
      <subfield code="a">Viñes Solana, Francesc</subfield>
      <subfield code="e">author</subfield>
   </datafield>
   <datafield ind2=" " ind1=" " tag="720">
      <subfield code="a">Gebhardt, Julian</subfield>
      <subfield code="e">author</subfield>
   </datafield>
   <datafield ind2=" " ind1=" " tag="720">
      <subfield code="a">Görling, Andreas</subfield>
      <subfield code="e">author</subfield>
   </datafield>
   <datafield ind2=" " ind1=" " tag="720">
      <subfield code="a">Illas i Riera, Francesc</subfield>
      <subfield code="e">author</subfield>
   </datafield>
   <datafield ind2=" " ind1=" " tag="260">
      <subfield code="c">2017-07-03T06:49:04Z</subfield>
   </datafield>
   <datafield ind2=" " ind1=" " tag="260">
      <subfield code="c">2017-07-03T06:49:04Z</subfield>
   </datafield>
   <datafield ind2=" " ind1=" " tag="260">
      <subfield code="c">2016-06-17</subfield>
   </datafield>
   <datafield ind2=" " ind1=" " tag="260">
      <subfield code="c">2017-07-03T06:49:04Z</subfield>
   </datafield>
   <datafield ind2=" " ind1=" " tag="520">
      <subfield code="a">Here we present a Density Functional Theory (DFT) study on the suitability of modern corrections for the inclusion of dispersion related terms (DFT-D) in treating the interaction of graphene and metal surfaces, exemplified by the graphene/Ni(111) system. The Perdew-Burke-Ernzerhof (PBE) exchange-correlation functional is used as basis, on top of which we tested the family of Grimme corrections (D2 and D3, including Becke-Jonson damping and Andersson approach) as well as different flavors of the approach by Tkatchenko and Scheffler (TS). Two experimentally observed chemisorbed states, top-fcc and bridge-top conformations, were examined, as well as one physisorbed situation, the hcp-fcc state. Geometric, energetic, and electronic properties were compared to sets of experimental data for our model system of graphene/Ni(111), but also for available data of bulk Ni, graphite, and free-standing graphene. Results show that two of the most recent approximations, the fully ab initio TS-MBD, and the semi-empirical Grimme D3 correction are best suited to describe graphene↔metal contacts, yet, comparing to earlier studies, the Rev-vdW-DF2 functional is also a good option, whereas optB86-vdW and optB88b-vdW functionals are fairly close to experimental values to be harmless used. The present results highlight how different approaches for the approximate treatment of dispersive forces yield different results, and so fine-tuning and testing of the envisioned approach for every specific system is advisable. The present survey clears the path for future accurate and affordable theoretical studies of nanotechnologic devices based on graphene-metal contacts.</subfield>
   </datafield>
   <datafield tag="653" ind2=" " ind1=" ">
      <subfield code="a">Grafè</subfield>
   </datafield>
   <datafield tag="653" ind2=" " ind1=" ">
      <subfield code="a">Teoria del funcional de densitat</subfield>
   </datafield>
   <datafield tag="653" ind2=" " ind1=" ">
      <subfield code="a">Graphene</subfield>
   </datafield>
   <datafield tag="653" ind2=" " ind1=" ">
      <subfield code="a">Density functionals</subfield>
   </datafield>
   <datafield ind2="0" ind1="0" tag="245">
      <subfield code="a">The contact of graphene with Ni(111) surface: description by modern dispersive forces approaches</subfield>
   </datafield>
</record></metadata></record></GetRecord></OAI-PMH>